Riadenie veterných elektrární

Saved in:
Bibliographic Details
Main Author: Vavra, Miroslav (Author)
Other Authors: Poliačik, Michal, 1982- (Thesis advisor)
Format: Manuscript Book
Language:Slovak
Published: Bratislava : STU v Bratislave FEI, 2009
Subjects:
Tags: Add Tag
No Tags, Be the first to tag this record!

MARC

LEADER 00000ntm a22000003a 4500
001 stu190874
005 20160719165128.2
008 090928s2005------------------------slo-d
040 |a STU  |b slo 
041 0 |a slo 
100 1 |a Vavra, Miroslav  |4 aut 
245 1 |a Riadenie veterných elektrární 
260 |a Bratislava :  |b STU v Bratislave FEI,  |c 2009 
300 |a 66 s 
650 7 |a kybernetika  |2 stusub 
650 7 |a veterné elektrárne  |2 stusub 
700 1 |a Poliačik, Michal,  |d 1982-  |4 ths  |u E010  |T FEI Ústav riadenia a priemyselnej informatiky  |X 19969  |U E010  |Y E010  |7 A000019969